| 000 | 004000000a22001450004500 | ||
|---|---|---|---|
| 020 | _a0-590-43162-5 | ||
| 082 | 0 | 4 | _aGI CC B145t |
| 100 | 1 | _aBaer, Edith | |
| 245 | 1 | 0 | _aThis is the way we go to school : A book About children around the world / Edith Baer, il. : Steve Bjorkman |
| 260 | _aNew York : Scholastic | ||
| 300 | _a[ 38 p.] | ||
| 650 | 1 | 4 | _aLiteratura Infantil |
| 001 | 689 | ||
| 942 | _cLGB | ||
| 999 |
_c47893 _d47893 |
||